Statistics for Animal Extremes

Click here to take the quiz!

General Stats

  • This quiz has been taken 55 times
  • The average score is 6 of 14

Answer Stats

HintAnswer% Correct
fastest land animalcheetah
94%
largest birdnorth african ostrich
90%
longest gestation periodelephant
81%
biggest wingspanwandering albatross
63%
fastest heartbeatblue-throated hummingbird
48%
longest lifespanbowhead whale
48%
fastest birdperigrine falcon
48%
largest eyecolossal squid
44%
2nd fastest land animalpronghorn antelope
27%
largest eye (land animal)horse
21%
richest milk (mammal)Philippine buffalo
21%
longest tongue relative to body sizechameleon
17%
longest tongue relative to body size (mammal)nectar bat
8%
heaviest flying birdbustard
6%

Score Distribution

Percentile by Number Answered

Percent of People with Each Score

Your Score History

You have not taken this quiz